[Event "HCL-B3799"]
[Site "www.playchess.de"]
[Date "2006.01.29"]
[Round "11"]
[White "ariel1978"]
[Black "taroak"]
[WhiteElo "1332"]
[BlackElo "1450"]
[PlyCount "29"]
[Result "1-0"]

1.d4 Nf6 2.Nc3 d5 3.Bg5 c5 4.e3 Qb6 5.Bxf6 Qxb2 
6.dxc5 gxf6 7.Nge2 e6 8.Rb1 Qa3 9.Qd4 Qxc5 10.Qxf6 
Rg8 11.Rb5 Qc7 12.g3 Bg7 13.Qf4 Bxc3+ 14.Kd1 Bd7 
15.Qxc7 1-0

[Event "HCL-B3799"]
[Site "www.playchess.de"]
[Date "2006.01.29"]
[Round "15"]
[White "dynamike"]
[Black "taroak"]
[WhiteElo "1479"]
[BlackElo "1450"]
[PlyCount "63"]
[Result "1-0"]

1.e4 c5 2.Nf3 g6 3.d4 cxd4 4.Nxd4 Bg7 5.c3 Nc6 
6.Be3 Nf6 7.Nd2 O-O 8.h3 d5 9.Bd3 e5 10.Nxc6 bxc6 
11.Qa4 Qc7 12.O-O Rb8 13.Rab1 Bd7 14.Qxa7 Qxa7 
15.Bxa7 Rb7 16.Bc5 Rfb8 17.Bd6 Ra8 18.a3 Ne8 
19.Bb4 f5 20.exf5 e4 21.Be2 Bxf5 22.Rbd1 Be5 
23.Nb3 Nf6 24.Rd2 Nd7 25.Rfd1 Bf4 26.Na5 Rb6 
27.R2d4 Be5 28.R4d2 c5 29.R2xd5 Kg7 30.R5xd7+ Bxd7 
31.Rxd7+ Kh6 32.Nc4 1-0

[Event "HCL-C3982"]
[Site "www.playchess.de"]
[Date "2006.01.29"]
[Round "9"]
[White "Decio"]
[Black "Milosforman"]
[WhiteElo "765"]
[BlackElo "1027"]
[PlyCount "71"]
[Result "1-0"]

1.e4 c5 2.d4 cxd4 3.Qxd4 f6 4.e5 Nc6 5.Qc3 fxe5 
6.Bg5 Qb6 7.Nf3 e6 8.Nxe5 Nxe5 9.Qxe5 d6 10.Qc3 h6 
11.Be3 Qd8 12.Qb3 Nf6 13.Bb5+ Bd7 14.Bxd7+ Qxd7 
15.Nc3 b6 16.Nb5 Ne4 17.Nd4 e5 18.Nf3 g5 19.Qd5 
Rd8 20.Qxe4 Qb5 21.O-O-O Rc8 22.Nxg5 hxg5 23.Bxg5 
Bh6 24.Qf5 Bxg5+ 25.Qxg5 Kd7 26.Qg7+ Kc6 27.Qf6 
Rcd8 28.b3 Qe2 29.Rhe1 Qg4 30.Re3 Rhf8 31.Qe7 Qxg2 
32.Rxd6+ Kb5 33.Rxd8 Rxd8 34.Qxd8 Qxf2 35.Rxe5+ 
Ka6 36.Qc8+ 1-0

[Event "HCL-B3849"]
[Site "www.playchess.de"]
[Date "2006.01.29"]
[Round "6"]
[White "evets"]
[Black "garden"]
[WhiteElo "1367"]
[BlackElo "1084"]
[PlyCount "38"]
[Result "0-1"]

1.d4 g6 2.e4 Bg7 3.c4 d5 4.exd5 e5 5.dxe5 Bxe5 
6.Nf3 Bg4 7.Qa4+ Bd7 8.Qb3 Na6 9.Qxb7 Nc5 10.Qb4 
Bd6 11.Qc3 Nf6 12.Qxf6 Qxf6 13.Be2 O-O 14.O-O Rae8 
15.Bd1 Bf4 16.Nc3 Ne4 17.Nxe4 Rxe4 18.Bxf4 Qxf4 
19.Bc2 Rxc4 0-1

[Event "HCL-B3836"]
[Site "www.playchess.de"]
[Date "2006.01.29"]
[Round "20"]
[White "Akkarin"]
[Black "IRONMAIDEN"]
[WhiteElo "1351"]
[BlackElo "1293"]
[PlyCount "91"]
[Result "1-0"]

1.d3 {Hello from Imardin, Kyralia}  e5 {Hello!}  
2.Nd2 d5 3.Ngf3 Nc6 4.e4 d4 5.c3 Nf6 6.Qc2 Bc5 
7.Be2 O-O 8.Nb3 Bd6 9.cxd4 Bb4+ 10.Bd2 exd4 
11.Bxb4 Nxb4 12.Qc4 Nc6 13.Nbxd4 Nxd4 14.Qxd4 Be6 
15.O-O b6 16.Qxd8 Rfxd8 17.b3 c5 18.Rfd1 Bc8 
19.Ne5 Bb7 20.Nc4 h6 21.Ne3 Rd7 22.Rac1 Rad8 23.f3 
Kh8 24.Nf5 a5 25.Kf2 Kg8 26.Ke3 Ba6 27.Rc2 Kh7 
28.Rcd2 Bb7 29.d4 cxd4+ 30.R2xd4 g6 31.R4xd7 Rxd7 
32.Rxd7 Nxd7 33.Nd6 Nc5 34.Nxf7 Kg7 35.Nd6 Bc6 
36.Nc4 Nd7 37.Kd4 Kf6 38.Bd3 g5 39.g3 h5 40.f4 
gxf4 41.gxf4 h4 42.e5+ Ke6 43.f5+ Ke7 44.e6 b5 
45.Nxa5 Nb8 46.Nxc6+ 1-0

[Event "HCL-B3849"]
[Site "www.playchess.de"]
[Date "2006.01.29"]
[Round "3"]
[White "evets"]
[Black "Varaboca"]
[WhiteElo "1367"]
[BlackElo "1006"]
[PlyCount "57"]
[Result "1-0"]

1.Nf3 g6 2.d4 d5 3.e3 Nc6 4.c4 Nf6 5.Nc3 dxc4 
6.Bxc4 Bg7 7.Ng5 O-O 8.Nxf7 Qd7 9.Ne5+ Kh8 10.Nxd7 
Bxd7 11.O-O Nd8 12.Nd5 b5 13.Nxf6 Bxf6 14.Bd5 c6 
15.Bb3 e6 16.e4 e5 17.dxe5 Bxe5 18.Qxd7 Nf7 
19.Bxf7 Rfd8 20.Qxc6 Bg7 21.Bg5 Rdc8 22.Qxb5 h6 
23.Be3 Kh7 24.Rac1 Rcf8 25.Qc6 a5 26.Qxg6+ Kh8 
27.Bxh6 Bxb2 28.Bxf8 Bxc1 29.Qg7+ 1-0

[Event "HCL-C4016"]
[Site "www.playchess.de"]
[Date "2006.01.29"]
[Round "27"]
[White "Viking"]
[Black "Milosforman"]
[WhiteElo "980"]
[BlackElo "928"]
[PlyCount "39"]
[Result "1-0"]

1.d4 d5 2.Nf3 Bg4 3.h3 Bxf3 4.gxf3 Nc6 5.c4 dxc4 
6.Nc3 e6 7.f4 Bb4 8.Bg2 Qxd4 9.Bxc6+ bxc6 10.Qxd4 
Bxc3+ 11.Qxc3 f6 12.Qxc4 Ke7 13.Be3 h5 14.O-O-O 
Nh6 15.Qxc6 Kf7 16.Rd7+ Kg6 17.Qxe6 Nf5 18.Rg1+ 
Kh6 19.Qxf5 Rh7 20.Qg6+ 1-0

[Event "HCL-T251"]
[Site "www.playchess.de"]
[Date "2006.01.29"]
[Round "3"]
[White "reddog"]
[Black "abebebikila"]
[WhiteElo "1840"]
[BlackElo "1724"]
[PlyCount "73"]
[Result "1-0"]

1.e4 e5 2.Nf3 f5 3.Nxe5 Qf6 4.Nc4 fxe4 5.Nc3 Qf7 
6.Ne3 c6 7.d3 exd3 8.Bxd3 d5 9.Qe2 Be6 10.Nf5 Nd7 
11.O-O O-O-O 12.Nd4 Nc5 13.Bf5 Bxf5 {Have you got 
an ace up your sleeve?}  14.Re1 {Only the hope to 
bring your King into the open to be finished off - 
I am rubbish at card games!!}  Bd7 15.Be3 Nf6 
16.f3 Bd6 17.b4 Ne6 18.Nxe6 Bxe6 19.Bxa7 Bxb4 
20.Qe3 Rhe8 21.Qd4 Ba5 22.Bb6 Bxb6 23.Qxb6 Qc7 
24.Qa7 Kd7 25.Na4 Bf7 {damm, you are quite near 
from finishing me off!}  26.Nb6+ Kd6 27.c4 {Well 
maybe you can see something because i can't. The  
move to finish you off and eludes me and you're a 
Bishop up. I would read it as 'Black has a 
decisive edge'}  Rxe1+ {what I see is that you are 
doing a great pressure on me. Of course, if I 
manage to change the main pieces, I will win.}  
28.Rxe1 {I think that's a fair observation}  dxc4 
29.Na8 Qd7 30.Nb6 Qc7 31.Na8 Qb8 32.Qd4+ Bd5 
33.Qf4+ Kc5 {oh, my God!}  34.Qe3+ {Your God is 
not playing this game...I hope....I feel I cannot 
reduce my playing pieces so you'r safe!}  Kb5 {if 
this is safety I love the risk. If 34.Kd6,De7++}  
35.Rb1+ {I cannot see a way out for you. Two or 
three moves for me and you are mated....I think!}  
Ka4 36.Nb6+ Ka5 {Congratulations...good game}  
37.Qa3+ {Thankyou, I enjoyed the game} 
 1-0

[Event "HCL-A2572"]
[Site "www.playchess.de"]
[Date "2006.01.29"]
[Round "3"]
[White "schlueter"]
[Black "foinaven"]
[WhiteElo "1595"]
[BlackElo "1415"]
[PlyCount "75"]
[Result "1/2-1/2"]

1.d4 Nf6 2.c4 e6 3.Nc3 c5 4.Bg5 cxd4 5.Qxd4 Nc6 
6.Qd2 Bc5 7.Nf3 a6 8.e4 e5 9.a3 b5 10.cxb5 axb5 
11.Bxb5 Bb7 12.Nd5 Nxe4 13.Bxd8 Nxd2 14.Nxd2 Rxd8 
15.O-O O-O 16.Nb3 Bd4 17.Bxc6 dxc6 18.Ne7+ Kh8 
19.Nxd4 exd4 20.b4 Rfe8 21.Nf5 d3 22.Ne3 Ba6 
23.Ra2 f5 24.g3 g5 25.Rd2 f4 26.Ng4 Re2 27.Rfd1 
Rxd2 28.Rxd2 Re8 29.f3 Re2 30.Rxe2 dxe2 31.Kf2 h5 
32.Ne5 fxg3+ 33.hxg3 c5 34.bxc5 Kg7 35.f4 Kf6 
{This is hurting my brain....}  36.Nf3 gxf4 
37.gxf4 Kf5 {This looks like 1/2 - 1/2}  38.Ke3 
{(offering draw) i think so, too} 
 1/2-1/2

[Event "HCL-B3837"]
[Site "www.playchess.de"]
[Date "2006.01.29"]
[Round "10"]
[White "IRONMAIDEN"]
[Black "Varaboca"]
[WhiteElo "1261"]
[BlackElo "1006"]
[PlyCount "105"]
[Result "1-0"]

1.d4 {Good morning!}  e6 {Good morning and good 
luck.}  2.e4 g6 3.e5 Nh6 4.Bd3 Bb4+ 5.c3 Be7 
6.Bxh6 d5 7.Nf3 Nc6 8.O-O Bf8 9.Bxf8 Kxf8 10.Qd2 
Kg7 11.Qf4 Ne7 12.Qf6+ Kg8 13.Ng5 Qf8 14.Nd2 h6 
15.Nh3 Nf5 16.Bxf5 exf5 17.Qh4 g5 18.Qg3 f4 19.Qf3 
c6 20.Nb3 f6 21.exf6 Qxf6 22.Rfe1 Kg7 23.Re5 g4 
24.Qxf4 Qxf4 25.Nxf4 Kf7 26.Nc5 Re8 27.Rxe8 Kxe8 
28.Re1+ Kf7 29.h3 gxh3 30.Nxh3 b6 31.Nd3 Bb7 
32.Ndf4 Rh8 33.g3 Bc8 34.Kg2 a5 35.b4 a4 36.a3 b5 
37.Re5 Kf6 38.Nh5+ Kf7 39.N3f4 Rg8 40.Nd3 Rg5 
41.Rxg5 hxg5 42.f4 g4 43.Ne5+ Ke7 44.Nxc6+ Kd6 
45.Ne5 Kc7 46.Ng7 Kb6 47.f5 Kc7 48.f6 Kd8 49.Ng6 
Bf5 50.f7 Be4+ 51.Kf2 Bxg6 52.f8Q+ Kd7 
53.Qf6 1-0

[Event "HCL-E1536"]
[Site "www.playchess.de"]
[Date "2006.01.29"]
[Round "6"]
[White "temple"]
[Black "ippuli"]
[WhiteElo "1727"]
[BlackElo "1614"]
[PlyCount "57"]
[Result "1-0"]

1.d4 {Hello,gl.}  Nf6 {I'll need it....}  2.c4 e5 
3.d5 Bc5 4.Nf3 d6 5.e3 Bg4 6.h3 Bh5 7.Be2 Nbd7 
8.O-O O-O 9.Nc3 Nb6 10.b3 a5 11.a3 Bxf3 12.Bxf3 
Re8 13.Qc2 Qe7 14.Ne4 Nxe4 15.Bxe4 Qh4 16.Bd2 Nd7 
17.b4 axb4 18.axb4 Rxa1 19.Rxa1 Nf6 20.Bf3 e4 
21.Be2 h6 22.bxc5 dxc5 23.Ra7 Re5 24.Ra8+ Kh7 
25.f4 Re7 26.Qd1 g5 27.Be1 Qxf4 {Oh, shit!!}  
28.exf4 gxf4 29.Bh4 1-0

[Event "HCL-A2557"]
[Site "www.playchess.de"]
[Date "2006.01.29"]
[Round "10"]
[White "Matu"]
[Black "Aggie"]
[WhiteElo "1528"]
[BlackElo "1328"]
[PlyCount "82"]
[Result "1/2-1/2"]

1.e4 e5 2.Nf3 Nc6 3.Bc4 h6 4.O-O Nf6 5.Nc3 Bc5 
6.a3 a6 7.b4 Ba7 8.h3 O-O 9.d3 d6 10.Bd2 b5 11.Bb3 
Bb7 12.Nd5 Nxd5 13.Bxd5 Rb8 14.Qe2 Qf6 15.Be3 Nd4 
16.Nxd4 Bxd4 17.Bxd4 exd4 18.Bxb7 Rxb7 19.f4 c5 
20.bxc5 dxc5 21.g4 Qb6 22.e5 Re8 23.Qd2 Rbe7 
24.Rae1 c4 25.dxc4 d3+ 26.Qf2 Qxf2+ 27.Rxf2 bxc4 
28.cxd3 cxd3 29.Rd2 Rd8 30.Re3 Red7 31.f5 R7d5 
32.e6 fxe6 33.fxe6 Re8 34.Kf2 Rf8+ 35.Kg3 Re8 
36.Kf4 g6 37.Re5 Rd6 38.e7 Kf7 39.Ke4 Rxe7 
40.Rxe7+ Kxe7 41.Rxd3 Rxd3 {(offering draw)} 
 1/2-1/2

[Event "HCL-B3856"]
[Site "www.playchess.de"]
[Date "2006.01.29"]
[Round "20"]
[White "mitke"]
[Black "evets"]
[WhiteElo "1292"]
[BlackElo "1392"]
[PlyCount "45"]
[Result "1-0"]

1.e4 {hallo my "old" friend}  e6 {Hi again!}  2.d4 
d5 3.exd5 exd5 4.Bd3 Nf6 5.Ne2 Bd6 6.Bg5 Nbd7 
7.Nbc3 O-O 8.Nxd5 c6 9.Nxf6+ Nxf6 10.Qd2 Re8 
11.O-O-O Be6 12.a3 Bd5 13.f3 h6 14.Bh4 Qc7 15.Bxf6 
gxf6 16.Qxh6 Rad8 17.Qh7+ Kf8 18.Rhe1 Ke7 19.Nf4+ 
Kd7 20.Bf5+ Be6 21.Bxe6+ Rxe6 22.Nxe6 Bf4+ 
23.Kb1 1-0

[Event "HCL-C4073"]
[Site "www.playchess.de"]
[Date "2006.01.29"]
[Round "4"]
[White "Henri"]
[Black "Farquhart"]
[WhiteElo "818"]
[BlackElo "583"]
[PlyCount "31"]
[Result "1-0"]

1.e4 {Bonjour et Bonne Partie (on a déjà joué 
ensemble, je crois)}  e5 2.Nf3 Nf6 3.Nc3 Nc6 4.Bc4 
Bc5 5.O-O Ng4 6.d3 Rb8 7.Bb3 Bd4 8.Nxd4 exd4 
9.Qxg4 d5 10.Qxg7 Rf8 11.Qxh7 dxc3 12.Bh6 Qh4 
13.bxc3 b5 14.Bxd5 Ne7 15.Qg7 Ng6 
16.Bxf7+ 1-0

[Event "HCL-A2560"]
[Site "www.playchess.de"]
[Date "2006.01.29"]
[Round "2"]
[White "scaper"]
[Black "Matu"]
[WhiteElo "1437"]
[BlackElo "1510"]
[PlyCount "55"]
[Result "1-0"]

1.d4 {hallo  ich freue mich natürlich über die 
zwei letzten spiele, aber sie gingen eindeutig zu 
schnell zuende. beim letzten hatte ich mich schon 
auf ein langes mittel- bzw endspiel eingestellt. 
ich freue mich auf unsere nächste partie und mache 
mich auf einig}  g6 {ich hoffe, diesmal etwas 
länger durchzuhalten. und auch wenn ich Dc6 leider 
nicht gesehen habe, so fand ich war das im 
Gegensatz zur vorletzten Partie doch von beiden 
Seiten eine ansprechende Partie. Viel Glück!}  
2.e4 {Fand ich auch! 
Diese Eröffnung hier mag ich überhaupt nicht! Ich 
muss gestehen, daß ich auch nicht weiß, wie sie 
genannt wird ...}  d6 {ich kenn sie auch nicht. 
aber auf ausgetretenen (Schach-)Pfaden kennt sich 
jeder besser aus als ich.}  3.Nf3 {das kann ich 
nur unterstreichen!}  Bg7 4.Nc3 c6 5.Bc4 {... und 
dann noch ein schönes wochenende!}  a5 {danke 
gleichfalls}  6.O-O b5 7.Bd3 Bb7 8.Re1 e6 9.Bg5 
Ne7 10.e5 d5 11.Qd2 h6 12.Bf6 Bxf6 13.exf6 Nf5 
14.Bxf5 gxf5 15.a4 b4 16.Ne2 Qxf6 17.c3 Qe7 18.Ne5 
Nd7 19.Nf3 Qd6 20.Ne5 Nxe5 21.dxe5 Qe7 22.Rec1 c5 
23.Ng3 c4 24.Nh5 Qg5 25.Nf6+ Ke7 26.f4 Qg7 27.cxb4 
axb4 28.Qxb4+ 1-0

[Event "HCL-B3835"]
[Site "www.playchess.de"]
[Date "2006.01.29"]
[Round "14"]
[White "GMO"]
[Black "tahchiev"]
[WhiteElo "1337"]
[BlackElo "1200"]
[PlyCount "86"]
[Result "0-1"]

1.e4 e5 2.Bc4 Nf6 3.d3 c6 4.a3 d5 5.exd5 cxd5 
6.Bb3 Bc5 7.h3 Nc6 8.Ne2 Qb6 9.O-O Be6 10.Ba4 O-O 
11.b4 Bd6 12.Nbc3 a6 13.Bb3 Qc7 14.Bb2 Rad8 15.d4 
Rfe8 16.dxe5 Bxe5 17.Rb1 d4 18.Nxd4 Rxd4 19.Qf3 
Bxb3 20.cxb3 Rf4 21.Nd5 Nxd5 22.Qxd5 Bxb2 23.Rxb2 
Qe7 24.Qd2 Re4 25.Rbb1 h6 26.Rbd1 Rd8 27.Qc2 Rxd1 
28.Rxd1 Re1+ 29.Rxe1 Qxe1+ 30.Kh2 Qe5+ 31.Kh1 Qa1+ 
32.Kh2 Qxa3 33.Qc4 Qxb4 34.Qxb4 Nxb4 35.Kg3 b5 
36.Kf3 a5 37.Ke3 a4 38.bxa4 bxa4 39.Kd2 a3 40.Kc1 
g5 41.f3 f5 42.Kb1 f4 43.Kc1 Kf7 0-1

[Event "HCL-C4057"]
[Site "www.playchess.de"]
[Date "2006.01.29"]
[Round "7"]
[White "Ivan_Lacerda"]
[Black "Farquhart"]
[WhiteElo "1145"]
[BlackElo "550"]
[PlyCount "43"]
[Result "1-0"]

1.e4 e5 2.Nf3 d6 3.Bc4 Nf6 4.d3 Nc6 5.Be3 Bg4 6.h3 
Be6 7.Nbd2 d5 8.exd5 Bxd5 9.Bxd5 Nxd5 10.Nc4 h5 
11.Ncxe5 Bb4+ 12.Bd2 Nxe5 13.Nxe5 Qd6 14.Qe2 Bxd2+ 
15.Kxd2 Nf4 16.Qe4 Nxg2 17.Nc4+ Qe6 18.Qxg2 Qh6+ 
19.Ne3 O-O 20.Rae1 Rae8 21.Kd1 g6 
22.Nd5 1-0

[Event "HCL-E1481"]
[Site "www.playchess.de"]
[Date "2006.01.29"]
[Round "1"]
[White "One_i"]
[Black "terry"]
[WhiteElo "1693"]
[BlackElo "1705"]
[PlyCount "62"]
[Result "0-1"]

1.d4 {Hi, have a good game.}  Nf6 2.Bf4 e6 3.e3 b6 
4.g3 Bb7 5.Nf3 d6 6.Bb5+ c6 7.Bd3 Be7 8.O-O Na6 
9.c3 Nc7 {Hello to you .Have a good game.}  10.e4 
{Thanks, you too.}  h6 11.Nbd2 Qd7 12.a4 c5 13.Re1 
g5 14.Bxd6 Bxd6 15.e5 cxd4 16.exd6 dxc3 17.dxc7 
cxd2 18.Qxd2 Qxc7 19.Rac1 Qd8 20.Bb5+ Kf8 21.Qb4+ 
Kg7 22.Red1 Rc8 23.Ne5 Rxc1 {Merry Christmas}  
24.Rxc1 {Merry Christmas to you too.}  Qd5 25.Bc6 
Bxc6 26.Nxc6 Rc8 27.Qb5 Qd2 28.Rf1 Qd7 29.Rc1 Nd5 
30.Kg2 a6 31.Qc4 Ne7 0-1

[Event "HCL-M878"]
[Site "www.playchess.de"]
[Date "2006.01.29"]
[Round "10"]
[White "maik42_"]
[Black "Lorsch"]
[WhiteElo "2187"]
[BlackElo "1784"]
[PlyCount "48"]
[Result "1/2-1/2"]

1.e4 {hallo und viel spass}  c5 {Hallo.Wünsch ich 
dir auch und einen guten Rutsch!}  2.Nf3 {danke 
danke}  Nc6 3.d3 g6 4.g3 Bg7 5.Bg2 d6 6.O-O e5 
7.c3 Nge7 8.a3 O-O 9.b4 h6 10.Be3 b6 11.Nbd2 f5 
12.exf5 gxf5 13.b5 {du spielst in fechenheim?}  
Na5 {Bin dort nur passives Mitglied.}  14.Nxe5 
{ich habe einige gute partien gegen einen 
ehemaligen fechenheimer gespielt}  dxe5 15.Bxa8 f4 
16.Bxc5 bxc5 17.Be4 Nf5 18.Rb1 Be6 19.Qg4 Qe8 
20.Qf3 Nd6 21.c4 Nxe4 22.Nxe4 {(offering draw)}  
fxg3 23.Qxg3 {:-)}  Qh5 24.f3 Kh8 {(offering draw) 
Habe leider im Moment nicht so viel Zeit und die 
Stellung wird mir zu kompliziert.Hätte das Remis 
gleich annehmen müssen.}  1/2-1/2

[Event "HCL-B3785"]
[Site "www.playchess.de"]
[Date "2006.01.29"]
[Round "26"]
[White "ulibear"]
[Black "RUDI"]
[WhiteElo "1302"]
[BlackElo "1239"]
[PlyCount "96"]
[Result "0-1"]

1.d4 {Prosit Neujahr! und schönes Spiel :-)}  d5 
{Frohes neues Jahr, bleib gesund und munter!}  
2.c4 {danke sehr}  Nf6 3.e3 Bf5 4.Nc3 e6 5.Qa4+ c6 
6.cxd5 exd5 7.Nf3 Bd6 8.Ne5 O-O 9.Bd3 Bxe5 10.dxe5 
Bxd3 11.exf6 Qxf6 12.Qd1 Bg6 13.O-O Nd7 14.Ne2 a6 
15.Nf4 Kh8 16.Nxg6+ fxg6 17.Rb1 Ne5 18.Bd2 Nc4 
19.Bc3 Qf7 20.b3 Nb6 21.Qd4 Nd7 22.Rbe1 Rfe8 23.e4 
dxe4 24.Rxe4 Rxe4 25.Qxe4 Nf6 26.Bxf6 gxf6 27.Re1 
Kg8 28.Qe7 {(offering draw)}  Qxe7 {ich bin jetzt 
mal frech, wir können doch nicht schon wieder 
remis spielen... vielleicht kommen wir später 
nochmals darauf zurück...}  29.Rxe7 {das 
akzeptiere ich voll und ganz; aber erst jetzt weiß 
ich auch, wie stark Du spieltst  :-)}  Rd8 {oh, 
danke auch. Trotzdem hätte ich vorhin (wo die 
Damen noch im Spiel waren) beinahe den Turm auf e8 
gesetzt!
Grad noch die Kurve gekriegt!}  30.Kf1 {schade, 
schade! :-)}  Rb8 31.Ke2 h5 32.a3 Kf8 33.Rd7 a5 
34.Kd3 b5 35.Rc7 Rd8+ 36.Ke3 Rd6 37.h4 Ke8 38.Rg7 
f5 39.Kf4 Kf8 40.Rh7 a4 41.bxa4 bxa4 42.Kg5 Ke8 
43.Ra7 c5 44.Rxa4 Kd7 45.Ra7+ Kc6 46.Ra6+ Kd5 
47.Rxd6+ Kxd6 48.Kxg6 c4 0-1

[Event "HCL-M844"]
[Site "www.playchess.de"]
[Date "2006.01.29"]
[Round "15"]
[White "edmonte"]
[Black "marceli"]
[WhiteElo "2158"]
[BlackElo "1775"]
[PlyCount "22"]
[Result "0-1"]

1.e4 c5 2.Nc3 d6 3.g3 Nc6 4.Bg2 Nf6 5.d3 g6 6.f4 
Bg7 7.Nf3 O-O 8.O-O Bg4 9.h3 Bxf3 10.Qxf3 Nd4 
11.Qf2 Rb8 0-1

[Event "HCL-M835"]
[Site "www.playchess.de"]
[Date "2006.01.29"]
[Round "29"]
[White "edmonte"]
[Black "DANTONIFAYARD"]
[WhiteElo "2162"]
[BlackElo "1718"]
[PlyCount "54"]
[Result "0-1"]

1.e4 c5 {TODO BEM COM VOCE, AI CARA?}  2.Nc3 e6 
3.g3 a6 4.Bg2 Qc7 5.d3 Nf6 6.Bg5 Be7 7.Nge2 h6 
8.Be3 Nc6 9.O-O Rb8 10.f4 d6 11.Kh1 b5 12.d4 Bb7 
13.d5 exd5 14.Nxd5 Nxd5 15.exd5 Nd8 16.a4 O-O 
17.axb5 axb5 18.Nc3 Bc8 19.f5 Bf6 20.Qg4 Kh7 
21.Bc1 g6 22.fxg6+ fxg6 23.Qe2 Qe7 24.Ne4 Kg7 
25.Qe3 Bg5 26.Qc3+ Kh7 27.Bxg5 
Rxf1+ 0-1

[Event "HCL-B3830"]
[Site "www.playchess.de"]
[Date "2006.01.29"]
[Round "3"]
[White "cheloveck"]
[Black "Iron_Flower"]
[WhiteElo "1187"]
[BlackElo "1255"]
[PlyCount "47"]
[Result "1-0"]

1.e4 e5 {Hi, from Leeuwarden, the Netherlands}  
2.Nf3 Nf6 3.Nc3 Nc6 4.Bc4 h6 5.d4 exd4 6.Nxd4 Bc5 
7.Be3 Bb6 8.Nf5 O-O 9.Bxh6 Bxf2+ 10.Kxf2 gxh6 
11.Nxh6+ Kg7 12.Ng4 Nxg4+ 13.Qxg4+ Kh7 14.Raf1 d5 
15.Qh5+ Kg7 16.Nxd5 Rh8 17.Qf3 Ne5 18.Qg3+ Ng6 
19.Nxc7 Qd2+ 20.Kg1 Qxc2 21.Rxf7+ {I guess it will 
be a mate in 3-4 moves}  Kh6 {Maybe I should not 
wait for that and resign....}  22.Qe3+ Kh5 23.Be2+ 
Bg4 24.Rf5+ 1-0